| 000 | 00449nam a2200181Ia 4500 | ||
|---|---|---|---|
| 008 | 240925s9999 xx 000 0 und d | ||
| 020 | _a471031968 | ||
| 082 | _a668.9 BIL | ||
| 100 | _aBillmeyer ,Fred W. | ||
| 245 | 0 | _aTextBook of Polymer Science | |
| 250 | _a3rd | ||
| 260 |
_aNew York: _bJohn Wiley & Sons _c,1984. |
||
| 300 |
_axxi,346p. _bNA _fOriginal |
||
| 500 | _aNA | ||
| 600 | _aSocial Sciences | ||
| 650 | _aManagement | ||
| 942 | _cBK | ||
| 999 |
_c8306 _d8306 |
||